000 00551nam a2200229Ia 4500
003 OSt
005 20221007082212.0
006 a|||||r|||| 00| 0
007 ta
008 221006b |||||||| |||| 00| 0 eng d
024 _a26,128
037 _cTextual
040 _aFLL
_cFLL
_beng
041 _2eng
_aeng
082 _aZ3:924y6, H1
100 _aGarsia Marston
_9690720
245 0 _aEquity
260 _c1941
300 _axii,1-100p
_ccm.
942 _hZ3:924y6, H1
_cTEXL
_2CC
999 _c1165652
_d1165652